Na súčasný objem peňazí bude dvojnásobok farmárov

Spoločná poľnohospodárska politika (SPP) je najintegrovanejším a najkomplexnejším sektorom Európskej únie. Je najnákladnejšou položkou rozpočtu EÚ. Reforma SPP. Slovenské špecifiká.

Guardado en:
Detalles Bibliográficos
Autor principal: Sťahel, Richard
Formato: Capítulo de libro
Lenguaje:eslovaco
Materias:
Etiquetas: Agregar Etiqueta
Sin Etiquetas, Sea el primero en etiquetar este registro!

MARC

LEADER 00000naa a2200000 4500
001 r040968
005 20230720101138.4
041 0 |a slo 
044 |a SK 
245 1 0 |a Na súčasný objem peňazí bude dvojnásobok farmárov  |c Richard Sťahel 
520 |a Spoločná poľnohospodárska politika (SPP) je najintegrovanejším a najkomplexnejším sektorom Európskej únie. Je najnákladnejšou položkou rozpočtu EÚ. Reforma SPP. Slovenské špecifiká. 
610 2 0 |a Európska únia 
610 2 0 |a politika poľnohospodárska 
610 2 0 |a financie 
610 2 0 |a výdavky 
610 2 0 |a reformy 
610 2 0 |a poľnohospodárstvo 
610 2 0 |a kvóty 
610 2 0 |a produkcia 
100 1 |a Sťahel, Richard